| 000 | 00523nam a2200157 i 4500 | ||
|---|---|---|---|
| 001 | 133868 | ||
| 003 | ES-MaACL | ||
| 005 | 20230906194541.0 | ||
| 007 | t| | ||
| 008 | 070903s1959 sp ||||1| spa d | ||
| 100 | 1 |
_aWalter, Eugen. _9116005 |
|
| 245 | 1 | 0 |
_aFuentes de santificación _b: la doctrina de los sacramentos al alcance de los fieles / _cEugen Walter ; [versión española ... de Eduardo Valenti]. |
| 260 |
_aBarcelona : _bHerder, _c1959. |
||
| 300 |
_a405 p. ; _c25 cm. |
||
| 852 |
_aES-MaACL _jC-18167 _bR.46519 |
||
| 999 |
_c133868 _d133868 |
||